| 000 | 00495nam a2200181 a 4500 | ||
|---|---|---|---|
| 001 | 14118 | ||
| 003 | CO-ViMGA | ||
| 008 | 141112s2004 ck r 000 u spa d | ||
| 020 | _a8488337906 | ||
| 040 |
_aCO-ViMGA _bspa _cCO-ViMGA |
||
| 082 | 0 | 4 | _a133.9013 C274 |
| 100 | 1 |
_aChristie - Murray, David _920642 |
|
| 245 | 1 | 0 |
_aReencarnacion : _bciencias ancestrales e Investigación cientifica |
| 260 |
_aMadrid : _bRobin Book, _c1994 |
||
| 300 | _a332 | ||
| 650 | 1 | 4 | _aREENCARNACION |
| 942 |
_2ddc _cBK |
||
| 999 |
_c24817 _d24817 |
||